Online Catalogue and eLibrary

History of Tamil Literature (Record no. 5933)

MARC details
000 -LEADER
fixed length control field 00413nam a22001577a 4500
005 - DATE AND TIME OF LATEST TRANSACTION
control field 20241127055414.0
008 - FIXED-LENGTH DATA ELEMENTS--GENERAL INFORMATION
fixed length control field 241127b |||||||| |||| 00| 0 eng d
082 ## - DDC Classification
DDC Edition Number 22
Class No. 894
Item Number - Author Mark SUN
100 ## - MAIN ENTRY--PERSONAL NAME
Personal name M.A., Prof. P. Sundaram Pillay
245 ## - TITLE STATEMENT
Title History of Tamil Literature
260 ## - PUBLICATION, DISTRIBUTION, ETC.
Place of publication, distribution, etc. Madras
Name of publisher, distributor, etc. Pioneer Book Services
Date of publication, distribution, etc. 1909
300 ## - PHYSICAL DESCRIPTION
Extent (e.g. Volumes, Pages etc.) Xviii, 65 p .,
650 ## - SUBJECT ADDED ENTRY--TOPICAL TERM
Topical term or geographic name entry element History
650 ## - SUBJECT ADDED ENTRY--TOPICAL TERM
Topical term or geographic name entry element Tamil Literature
942 ## - Koha item type (Biblio)
Koha item type Books in Stacks (Lending)
Holdings
Lost status Damaged status Collection code Home library Current library Date acquired Full call number Accession Number Item type
    Lending WERC Library WERC Library 11/27/2024 894 SUN 1796 Books in Stacks (Lending)

© WERC Library